|
|
|
|
| LEADER |
00000nam0a2200000 4500 |
| 001 |
602515 |
| 005 |
20231102022759.0 |
| 035 |
|
|
|a (RuTPU)RU\TPU\tpu\28410
|
| 035 |
|
|
|a RU\TPU\tpu\28409
|
| 090 |
|
|
|a 602515
|
| 100 |
|
|
|a 20160524d2014 m y0rusy50 ca
|
| 101 |
0 |
|
|a rus
|
| 102 |
|
|
|a RU
|
| 105 |
|
|
|a a z 001zy
|
| 181 |
|
0 |
|a i
|
| 182 |
|
0 |
|a b
|
| 200 |
1 |
|
|a Физика. Основные формулы, связи между физическими величинами
|b Электронный ресурс
|e учебное пособие
|f Е. В. Полицинский
|g Национальный исследовательский Томский политехнический университет (ТПУ)
|
| 203 |
|
|
|a Текст
|c электронный
|
| 210 |
|
|
|a Томск
|c Изд-во ТПУ
|d 2014
|
| 215 |
|
|
|a 1 файл (8 Mb)
|
| 230 |
|
|
|a Электронные текстовые данные (1 файл : 8 Mb)
|
| 300 |
|
|
|a Заглавие с экрана
|
| 333 |
|
|
|a В фонде НТБ ТПУ отсутствует
|
| 337 |
|
|
|a Windows 95/NT/2003/XP ; CD-ROM
|
| 610 |
1 |
|
|a труды учёных ТПУ
|
| 700 |
|
1 |
|a Полицинский
|b Е. В.
|c физик
|c доцент Юргинского технологического университета (филиала) Томского политехнического университета, кандидат педагогических наук
|f 1974-
|g Евгений Валерьевич
|2 stltpush
|3 (RuTPU)RU\TPU\pers\24524
|9 10834
|
| 712 |
0 |
2 |
|a Национальный исследовательский Томский политехнический университет (ТПУ)
|b Юргинский технологический институт (филиал) (ЮТИ)
|b Кафедра естественного научного образования (ЕНО)
|h 7134
|2 stltpush
|3 (RuTPU)RU\TPU\col\18894
|
| 801 |
|
1 |
|a RU
|b 63413507
|c 20160504
|
| 801 |
|
2 |
|a RU
|b 63413507
|c 20160524
|g RCR
|
| 942 |
|
|
|c BK
|